Vista normal
Vista MARC
Entrada Personal Name
Número de registros utilizados en: 7
001 - CONTROL NUMBER
- control field: 10052
003 - CONTROL NUMBER IDENTIFIER
- control field: DLC
005 - DATE AND TIME OF LATEST TRANSACTION
- control field: 20251020154023.0
008 - FIXED-LENGTH DATA ELEMENTS
- fixed length control field: 861008n| azannaabn |a aaa c
010 ## - LIBRARY OF CONGRESS CONTROL NUMBER
- LC control number: n 85071471
035 ## - SYSTEM CONTROL NUMBER
- System control number: (OCoLC)oca01718819
040 ## - CATALOGING SOURCE
- Original cataloging agency: WU
- Language of cataloging: spa
- Description conventions: rda
- Transcribing agency: Mx-PuUPA
- Modifying agency: UPB
- Modifying agency: OCoLC
- Modifying agency: UPB
- Modifying agency: Mx-PuUPA
046 ## - SPECIAL CODED DATES
- Birth date: 19460404
053 #0 - LC CLASSIFICATION NUMBER
- Classification number element--single number or beginning number of span: PQ7298.23.A7135
100 1# - HEADING--PERSONAL NAME
- Personal name: Martín Moreno, Francisco,
- Dates associated with a name: 1946-
370 ## - ASSOCIATED PLACE
- Place of birth: México, Cd.
372 ## - FIELD OF ACTIVITY
- Field of activity: Novela histórica
374 ## - OCCUPATION
- Occupation: Autor
- Occupation: Novelista
- Occupation: Historiador
- Occupation: Columnista político
- Occupation: Orador
- Occupation: Conferencista
375 ## - GENDER
- Gender: hombre
377 ## - ASSOCIATED LANGUAGE
- Language code: spa
400 1# - SEE FROM TRACING--PERSONAL NAME
- Personal name: Moreno, Francisco Martín,
- Dates associated with a name: 1946-
670 ## - SOURCE DATA FOUND
- Source citation: His México negro, 1986:
- Information found: t.p. (Francisco Martín Moreno) back cover flap (b. 4/4/46, Mexico)
670 ## - SOURCE DATA FOUND
- Source citation: México acribillado : una novela histórica en cuatro actos, 2008:
- Information found: t.p. (Francisco Martín Moreno) of cover
670 ## - SOURCE DATA FOUND
- Source citation: Biblioteca del congreso (Estados Unidos), 01 octubre 2019:
- Information found: Catálogo electrónico
- Uniform Resource Identifier: http://bit.ly/2nsznJS